000 00993nam a2200241 a 4500
001 37776
003 BD-RjUL
005 20211209052643.0
008 171116s1950 ii ||||| |||| 00| 0 ben d
020 _c:IRs. 8.00
035 _a(BD-RjUL)37881
040 _aBD-RjUL
_cBD-RjUL
_beng
_dBD-RjUL
041 _aeng
082 _223
_a891.44309
_bMAS 1950
100 1 _aমজুমদার, মোহিতলাল
_9219420
245 _aশ্রীকান্তের শরৎচন্দ্র /
_cমোহিতলাল মজুমদার
250 _a১ম সং.
260 _aহাওড়া:
_bবঙ্গভারতী গ্রন্থালয়.
_c১৯৫০ (১৩৫৭ বাং)
300 _a[১২], ৩৭২ পৃ. :
_bচিত্র;
_g২২ সেমি.
650 _aবাংলা উপন্যাস
_xইতিহাস ও সমালোচনা
_9219421
650 _aBengali Fiction
_xHistory and Criticism
_9219422
942 _2ddc
_cRAR
999 _c37776
_d37776